| 000 | 00376nam a22001577a 4500 | ||
|---|---|---|---|
| 005 | 20200125112728.0 | ||
| 008 | 200124b xxu||||| |||| 00| 0 eng d | ||
| 020 | _a9788175157927 | ||
| 041 | _aHin | ||
| 082 | _a8H3 | ||
| 100 |
_aMAHAJAN Dr. ASHOK _95107 |
||
| 245 |
_aSHAYAWALA _cDr.ASHOK MAHAJAN |
||
| 260 |
_aNEW DELHI _bGALGOTIA PUBLICATION |
||
| 300 | _a251 | ||
| 942 | _cBK | ||
| 999 |
_c6017 _d6015 |
||